African economic outlook 2011.
| Format: | Book |
|---|---|
| Published: |
[Abidjan]:
The African Development Bank (AFDB),
2011.
|
| Subjects: |
| LEADER | 00481cam a2200157 7i4500 | ||
|---|---|---|---|
| 001 | 0000027784 | ||
| 005 | 20120523090000.0 | ||
| 020 | 0 | 0 | |a 9789264111752 |
| 090 | 0 | 0 | |a AFRI 338.5443 |b AFR |
| 245 | 0 | 0 | |a African economic outlook 2011. |
| 260 | 0 | 0 | |a [Abidjan]: |b The African Development Bank (AFDB), |c 2011. |
| 300 | # | # | |a 303 p. |
| 650 | 0 | 0 | |a Economic condition -- |x Africa |
| 650 | 0 | 0 | |a Economic governance -- |x Africa |
| 651 | 0 | 0 | |a Africa |
| 999 | |a 0000030316 |b Book |c Regions |e Business Information Centre | ||


